=LDR 00000nam 2200000 4500 =001 INLIS000000001052273 =005 20240822080429 =035 ##$$a 0010-0824000091 =007 ta =008 240822################a##########j###### =020 ##$$a 978-89-6329-584-8 =082 ##$$a 028.55 =084 ##$$a 028.55 GUM f =100 #$$a Gumijin =245 1#$$a Fiuh! aku bermain bola /$c Gumijin; ilustrator, Kim Soon-young =260 ##$$a Gyeonggi-do :$b Korea Tolstoi,$c 2008 =300 ##$$a 31 hlm. : $b ilus. ; $c 26 cm =650 #4$$a Bacaan kanak-kanak =700 #$$a Kim Soon-young (ilustrator) =990 ##$$a 3202401654